000 00548nam a2200169 a 4500
008 120416s2001 ||||||||||||||||| || u
020 _a0340790474
050 _aQE 522 Rot
100 _aRothery, David A
245 1 0 _aVolcanoes
260 _aLondon
_bHodder Headline
_c2001
300 _av, 266p. : ill.
350 _a0.00
650 _aVOLCANOES
650 _aEARTHQUAKES
995 _D0.00
_FCBU-MAIN LIBRARY (Kitwe)
_H1
_I8.99
_M1
_UAVAILABLE
_WMar 21, 2007
_ZMain Library Open Access Collection
999 _c61373
_d61373